Johann Nestroy : in Selbstzeugnissen und Bilddokumenten /

Saved in:
Bibliographic Details
Main Author: Basil, Otto
Format: Book
Language:German
Published: Reinbek bei Hamburg : Rowohlt, 1967.
Series:Rowohlts Monographien ; 132
Subjects:
LEADER 00807nam a22002051 4500
001 c000345210
003 CARM
005 00000000000000.0
008 851003s1967 gw 0 ger d
019 1 |a 5476564  |z 3962508  |z 27148400  |5 LACONCORD2021 
035 |a (OCoLC)17516419  |5 LACONCORD2021 
100 1 |a Basil, Otto. 
245 1 0 |a Johann Nestroy :  |b in Selbstzeugnissen und Bilddokumenten /  |c dargestellt von O.Basil. 
260 |a Reinbek bei Hamburg :  |b Rowohlt,  |c 1967. 
490 0 |a Rowohlts Monographien ;  |v 132 
600 1 0 |a Nestroy, Johann,  |d 1801-1862. 
852 8 |b CARM  |h A1:AP05A0  |i A04175  |p 0347651  |f BK 
082 0 4 |a 832.8 
999 f f |i 74e6e311-523c-539a-bc36-6f3e357a6e14  |s 3c748687-b078-5e9f-8a32-e67efa708273 
952 f f |p Can circulate  |a CAVAL  |b CAVAL  |c CAVAL  |d CARM 1 Store  |e A04175  |f A1:AP05A0  |h Other scheme  |i book  |m 0347651